000 00523nam a2200169 i 4500
001 61927
003 ES-MaACL
005 20250831063033.0
007 t|
008 031114s1912 fr ||||1| fre d
100 1 _aFebvre, Lucien,
_d1878-1956
_949047
245 1 0 _aPhilippe II -et la Franche- conté
_b: etude d'histoire politique, religiense et sociale /
_cLucien Fefvbre.
260 _aParis :
_bChampion,
_c1912.
300 _aLVI, 807 p. ;
_c25 cm.
852 _aES-MaACL
_jC-1084
999 _c61927
_d61927